000 00901nam a2200253 a 4500
001 C01472912c-5
003 CO-ViMGA
005 20230915233146.0
008 150220s2014 ck a gr 00110 spa d
020 _a9789588843100
040 _aCO-ViMGA
_bspa
_cCO-ViMGA
082 0 4 _a617.6
_bU74t
_221
100 1 _aUribe Restrepo, Gonzalo Alonso.
_95876
245 1 0 _aTemprano no, a tiempo /
_cGonzalo Alonso Uribe Restrepo, Darío Cárdenas Jaramillo.
260 _aMedellín :
_bCorporación para las Investigaciones Biológicas. Fondo Editorial,
_c2014.
300 _axxii, 504 páginas :
_bilustraciones, gráficos ;
_c29 cm.
490 1 _aFundamentos de odontología
500 _aGlosario : p. 495-500.
504 _aIncluye bibliografías e índice.
650 1 4 _aOdontología.
_94891
650 1 4 _aSalud oral.
_95877
700 1 _aCárdenas Jaramillo, Darío.
_94964
942 _2ddc
_cBK
999 _c36082
_d36082